000 00530nam a22001937a 4500
003 OSt
005 20140310181806.0
008 130704t xxu||||| |||| 00| 0 eng d
020 _a0809448815
050 _aQ 163
_b.Sc416 1989
082 _aREF 500
_bC43 1989
245 _aA Child's first library of learning :
_bScience starter.
260 _aHongkong
_bTime-life books
_cc1989
300 _a87 p.
_bill. ; col. ;
_c31 cm.
521 _aBasic Ed. Students
541 _j1
562 _e1
942 _2lcc
_cBK-GR
_kREF
999 _c3801
_d3801